[Event "IV Festival A"]
[Site "Cesenatico ITA"]
[Date "1999.08.??"]
[Round "6"]
[White "Braun, Christian"]
[Black "Vancini, Edoardo"]
[Result "1/2-1/2"]
[WhiteElo "2167"]
[BlackElo "2255"]
[PlyCount "106"]
[EventDate "1999.08.30"]

1. d4 d5 2. c4 e6 3. Nc3 c6 4. e3 f5 5. g4 fxg4 6. Qxg4 Nf6 7. Qg2 Bd6 8. Bd3
Qe7 9. Bd2 e5 10. dxe5 Bxe5 11. cxd5 cxd5 12. Nxd5 Nxd5 13. Qxd5 Nc6 14. Bb5
Qf6 15. Nf3 Bxb2 16. Rb1 Rf8 17. Qe4+ Qe7 18. Bxc6+ bxc6 19. Qxe7+ Kxe7 20.
Bb4+ Ke8 21. Bxf8 Bc3+ 22. Kf1 Kxf8 23. Kg2 Be6 24. a3 Bd5 25. Rhd1 Kg8 26.
Rxd5 cxd5 27. Rb7 Bf6 28. Rd7 Rd8 29. Rxa7 d4 30. exd4 Bxd4 31. Nxd4 Rxd4 32.
Kg3 h6 33. f4 Kh7 34. Kg4 Kg6 35. Ra6+ Kf7 36. h4 Rd5 37. h5 Rc5 38. a4 Rd5 39.
a5 Rc5 40. Ra7+ Kf6 41. a6 Ra5 42. Ra8 Kf7 43. a7 Ra4 44. Kf5 Ra5+ 45. Ke4 Ra4+
46. Ke5 Ra5+ 47. Kd6 Ra6+ 48. Kc7 Ra1 49. f5 Ra2 50. Kc6 Ra1 51. Kc5 Rc1+ 52.
Kb4 Ra1 53. f6 Ra2 1/2-1/2

[Event "IV Festival A"]
[Site "Cesenatico ITA"]
[Date "1999.08.??"]
[Round "6"]
[White "Ciolac, Gheorghe"]
[Black "Cacco, Christian"]
[Result "1-0"]
[WhiteElo "2364"]
[BlackElo "2292"]
[PlyCount "73"]
[EventDate "1999.08.30"]

1. e4 c5 2. Ne2 Nc6 3. Nbc3 g6 4. d4 d6 5. dxc5 dxc5 6. Qxd8+ Kxd8 7. Be3 e5 8.
O-O-O+ Nd4 9. Nd5 Be6 10. Nec3 Bh6 11. Bc4 Rb8 12. a4 Ke8 13. h3 Kf8 14. Bxh6+
Nxh6 15. Ne3 Kg7 16. Bxe6 fxe6 17. Nb5 a6 18. Na3 b5 19. axb5 axb5 20. c3 b4
21. Nac4 Nb5 22. Rd7+ Kf6 23. Kc2 Ra8 24. Rb7 Rab8 25. Rxb8 Rxb8 26. Rd1 bxc3
27. bxc3 Ke7 28. Ra1 Nf7 29. Ng4 Rb7 30. Ngxe5 Nxe5 31. Nxe5 Nd6 32. f3 Kf6 33.
Ng4+ Kg5 34. g3 Nc4 35. Kd3 Nb2+ 36. Kc2 Nc4 37. Ra4 1-0

[Event "IV Festival A"]
[Site "Cesenatico ITA"]
[Date "1999.08.??"]
[Round "6"]
[White "Costantini, Roberto"]
[Black "Prelati, Maurizio"]
[Result "0-1"]
[WhiteElo "2196"]
[BlackElo "2129"]
[PlyCount "62"]
[EventDate "1999.08.30"]

1. e4 c5 2. Nf3 d6 3. d4 cxd4 4. Nxd4 Nf6 5. Nc3 a6 6. Be3 e5 7. Nb3 Be7 8. f3
Be6 9. Qd2 O-O 10. O-O-O a5 11. Bb5 Nc6 12. Kb1 Nb4 13. a3 d5 14. Bf2 d4 15.
Ne2 Nc6 16. Ka1 a4 17. Nbc1 Qc7 18. g4 Ra5 19. Bxc6 bxc6 20. Nd3 Nd7 21. f4 f6
22. f5 Bc4 23. h4 Rb5 24. g5 Rfb8 25. Rb1 Qb7 26. Qc1 Kh8 27. Nxd4 exd4 28.
Bxd4 Bxd3 29. cxd3 Nc5 30. Bxc5 Bxc5 31. gxf6 Bd4 0-1

[Event "IV Festival A"]
[Site "Cesenatico ITA"]
[Date "1999.08.??"]
[Round "6"]
[White "Di Lazzaro, Gabriele"]
[Black "Danielsen, Heini"]
[Result "1/2-1/2"]
[WhiteElo "2015"]
[BlackElo "2135"]
[PlyCount "79"]
[EventDate "1999.08.30"]

1. e4 c5 2. c3 d5 3. exd5 Qxd5 4. d4 Nf6 5. Nf3 Bg4 6. Be2 e6 7. Na3 Nc6 8. Be3
cxd4 9. Nb5 Rc8 10. Nbxd4 Bc5 11. Nb5 Bxe3 12. Nd6+ Kd7 13. Nxc8 Bc5 14. b4
Kxc8 15. bxc5 Qxc5 16. O-O Ne4 17. Rc1 Rd8 18. Qc2 f5 19. Nd4 Nxc3 20. Bxg4
Qxd4 21. Qxc3 Qxg4 22. h3 Qg6 23. Qc4 Qf6 24. Rfd1 Rxd1+ 25. Rxd1 Kc7 26. Qd3
Qe7 27. Re1 g6 28. Qc4 e5 29. a4 Qd6 30. Rb1 Qd7 31. a5 a6 32. Qb3 Kc8 33. Rd1
Qe7 34. Qg8+ Kc7 35. Qd5 Kc8 36. Rc1 Kc7 37. Kh2 e4 38. Kh1 Qd6 39. Qg8 Qd7 40.
Qc4 1/2-1/2

[Event "IV Festival A"]
[Site "Cesenatico ITA"]
[Date "1999.08.??"]
[Round "6"]
[White "Drazic, Sinisa"]
[Black "Kamp, Christoph"]
[Result "1-0"]
[WhiteElo "2493"]
[BlackElo "2333"]
[PlyCount "160"]
[EventDate "1999.08.30"]

1. d4 e6 2. Nf3 Nf6 3. Bf4 b6 4. e3 Bb7 5. Be2 Be7 6. h3 O-O 7. O-O c5 8. c4 d5
9. Nc3 dxc4 10. Bxc4 Nc6 11. dxc5 Qxd1 12. Rfxd1 Bxc5 13. Nb5 Rfd8 14. Nd6 Bxd6
15. Bxd6 Rac8 16. Bf1 Ne4 17. Ba3 a6 18. Rxd8+ Rxd8 19. Rc1 b5 20. b3 f6 21.
Be2 Rd7 22. Kf1 Kf7 23. Ke1 g6 24. Rc2 e5 25. Nh2 Ke6 26. Nf1 Ne7 27. f3 Nd6
28. Bb4 Nd5 29. Ba5 f5 30. a4 Ne7 31. axb5 axb5 32. Rc5 Bc6 33. Bc3 e4 34. Nd2
Ra7 35. Bd4 Ra2 36. f4 Bd7 37. Re5+ Kf7 38. Bc5 Nec8 39. Rd5 Ke6 40. Re5+ Kf7
41. Rd5 Ke6 42. Rd4 Bc6 43. Nb1 Ra1 44. Rd1 Bd5 45. Bd4 Ra8 46. Nd2 Ne7 47. Rc1
Rc8 48. Ra1 Ra8 49. Rc1 Rc8 50. Rb1 Ra8 51. g4 Rc8 52. g5 Ra8 53. Rc1 Rc8 54.
Ra1 Ra8 55. Rc1 Rc8 56. Rb1 Ra8 57. h4 Ra2 58. Rc1 Ra8 59. Kd1 Rc8 60. Ra1 Ra8
61. Rc1 Rc8 62. Bc5 Bc6 63. Rc2 Be8 64. b4 Nb7 65. Nb3 Nxc5 66. Nxc5+ Kf7 67.
Rd2 Bc6 68. Rd6 Nd5 69. Kd2 Nxb4 70. Kc3 Nd5+ 71. Kd4 Nb6 72. Bxb5 Bxb5 73.
Rxb6 Be8 74. Rb7+ Kg8 75. Re7 Bf7 76. Nd7 Kg7 77. Ne5 Rf8 78. Kc5 Kg8 79. Kd6
Ba2 80. Nd7 Rf7 1-0

[Event "IV Festival A"]
[Site "Cesenatico ITA"]
[Date "1999.08.??"]
[Round "6"]
[White "Franza, Marco"]
[Black "Lagrotteria, Salvatore"]
[Result "0-1"]
[WhiteElo "2009"]
[BlackElo "2204"]
[PlyCount "106"]
[EventDate "1999.08.30"]

1. e4 c5 2. Nf3 Nc6 3. Bb5 g6 4. O-O Bg7 5. Re1 Nf6 6. e5 Nd5 7. Nc3 Nc7 8.
Bxc6 dxc6 9. Ne4 Ne6 10. d3 Qc7 11. Ned2 b6 12. h3 Ba6 13. b3 Rd8 14. Bb2 O-O
15. Re4 Bc8 16. Qe2 Rd5 17. Re1 Rfd8 18. Qe3 Qd7 19. Rh4 Nd4 20. Bxd4 cxd4 21.
Qe2 Qe8 22. Nf1 Qf8 23. Ng3 c5 24. Qd2 f6 25. exf6 exf6 26. Rhe4 R5d7 27. Nh2
Bb7 28. R4e2 Bh6 29. f4 Qd6 30. Rf2 f5 31. Re5 Qxe5 32. fxe5 Bxd2 33. Rxd2 Re7
34. Nf3 Bxf3 35. gxf3 Rxe5 36. Kf2 Rde8 37. a4 Kf7 38. f4 R5e6 39. Ne2 Rxe2+
40. Rxe2 Rxe2+ 41. Kxe2 h6 42. h4 g5 43. hxg5 hxg5 44. fxg5 Kg6 45. Kf3 Kxg5
46. Kg3 a6 47. Kf3 f4 48. Kf2 Kg4 49. Kg2 f3+ 50. Kf2 b5 51. axb5 axb5 52. Kf1
Kf4 53. Kf2 b4 0-1

[Event "IV Festival A"]
[Site "Cesenatico ITA"]
[Date "1999.08.??"]
[Round "6"]
[White "Gaiba, Paolo"]
[Black "Fuellgrabe, Thomas"]
[Result "0-1"]
[WhiteElo "2149"]
[BlackElo "2197"]
[PlyCount "80"]
[EventDate "1999.08.30"]

1. e4 c5 2. d4 cxd4 3. c3 dxc3 4. Nxc3 Nc6 5. Nf3 d6 6. Bc4 a6 7. Bg5 Nf6 8.
O-O Bg4 9. e5 dxe5 10. Qb3 e6 11. Bxf6 gxf6 12. Qxb7 Bxf3 13. gxf3 Na5 14. Qe4
f5 15. Qe2 Bh6 16. Bxa6 Bf4 17. Qb5+ Kf8 18. Ne2 Rg8+ 19. Kh1 Bxh2 20. Qc5+ Kg7
21. Kxh2 Qh4+ 22. Kg2 Kf6+ 23. Ng3 f4 24. Rh1 Rxg3+ 25. fxg3 Qxg3+ 26. Kf1
Qxf3+ 27. Qf2 Qxh1+ 28. Ke2 Qxa1 29. Qh4+ Kg7 30. Qg5+ Kf8 31. Qxe5 Qg1 32.
Qxa5 Qg2+ 33. Ke1 f3 34. Qb4+ Kg8 35. Bf1 Qg3+ 36. Kd1 Rd8+ 37. Kc1 Qc7+ 38.
Bc4 f2 39. Qc3 Qf4+ 40. Kc2 f1=Q 0-1

[Event "IV Festival A"]
[Site "Cesenatico ITA"]
[Date "1999.08.??"]
[Round "6"]
[White "Iotti, Pierluigi"]
[Black "Grigore, George-Gabriel"]
[Result "0-1"]
[WhiteElo "2326"]
[BlackElo "2526"]
[PlyCount "62"]
[EventDate "1999.08.30"]

1. d4 Nf6 2. c4 g6 3. Nc3 Bg7 4. e4 d6 5. Be2 O-O 6. Nf3 Na6 7. O-O e5 8. d5
Nc5 9. Qc2 a5 10. Bg5 h6 11. Bh4 g5 12. Bg3 Nh5 13. h4 g4 14. Nh2 f5 15. exf5
Bxf5 16. Qd1 Nxg3 17. fxg3 h5 18. Rf2 Bh6 19. Nf1 Qe7 20. Na4 Nxa4 21. Qxa4 e4
22. Qc2 Qe5 23. Re1 e3 24. Rxf5 Rxf5 25. Kh2 Raf8 26. Qd3 Re8 27. Kg1 Qe4 28.
Qxe4 Rxe4 29. Bd3 e2 30. Rxe2 Rxe2 31. Bxe2 Bg7 0-1

[Event "IV Festival A"]
[Site "Cesenatico ITA"]
[Date "1999.08.??"]
[Round "6"]
[White "Marzano, Carlo"]
[Black "Gori, Andrea"]
[Result "1-0"]
[WhiteElo "2233"]
[BlackElo "2186"]
[PlyCount "69"]
[EventDate "1999.08.30"]

1. d4 Nf6 2. Nf3 d6 3. c4 g6 4. Nc3 Bg7 5. e4 O-O 6. Be2 e5 7. d5 c5 8. Bg5 h6
9. Bh4 Na6 10. Nd2 Nc7 11. O-O Bd7 12. Qc2 Rb8 13. a3 b5 14. b4 a6 15. Rfb1 Qe7
16. f3 g5 17. Bf2 Nh5 18. bxc5 dxc5 19. Nb3 bxc4 20. Bxc4 Rfc8 21. Bxc5 Qe8 22.
a4 Nf4 23. Ba7 Ra8 24. Be3 g4 25. fxg4 Bxg4 26. Nc5 Kh8 27. Rb7 Qf8 28. h3 Nce6
29. Nxe6 fxe6 30. Bf1 exd5 31. exd5 Nxd5 32. Bxh6 Bf5 33. Bxg7+ Qxg7 34. Qxf5
Ne7 35. Qh5+ 1-0

[Event "IV Festival A"]
[Site "Cesenatico ITA"]
[Date "1999.08.??"]
[Round "6"]
[White "Niermann, Rainer"]
[Black "Lazzarato, Alberto"]
[Result "1/2-1/2"]
[WhiteElo "2147"]
[BlackElo "2177"]
[PlyCount "48"]
[EventDate "1999.08.30"]

1. e4 e5 2. Nf3 Nc6 3. Bb5 a6 4. Ba4 Nf6 5. O-O b5 6. Bb3 Be7 7. Re1 Bb7 8. c3
d5 9. exd5 Nxd5 10. d4 exd4 11. Nxd4 Nxd4 12. Qxd4 O-O 13. Bxd5 Bxd5 14. Bf4 c5
15. Qe3 Re8 16. Nd2 Bf8 17. Qg3 Qf6 18. a3 Qg6 19. Qxg6 hxg6 20. Kf1 f6 21. h4
Kf7 22. f3 Rxe1+ 23. Rxe1 Rd8 24. Ne4 Bb3 1/2-1/2

[Event "IV Festival A"]
[Site "Cesenatico ITA"]
[Date "1999.08.??"]
[Round "6"]
[White "Nijboer, Friso"]
[Black "Naumkin, Igor"]
[Result "0-1"]
[WhiteElo "2559"]
[BlackElo "2489"]
[PlyCount "84"]
[EventDate "1999.08.30"]

1. e4 e6 2. d3 d5 3. Qe2 Nf6 4. Nf3 Be7 5. g3 O-O 6. Bg2 c5 7. O-O Nc6 8. e5
Ne8 9. c4 Nc7 10. b3 b5 11. Rd1 a5 12. Nc3 Rb8 13. h4 a4 14. Bf4 axb3 15. axb3
bxc4 16. dxc4 Rxb3 17. cxd5 exd5 18. Qc2 Rxc3 19. Qxc3 h6 20. Qb2 Be6 21. Nd2
Bg4 22. Bf3 Bf5 23. Qb7 Nd4 24. Ra7 Ndb5 25. e6 Bd6 26. exf7+ Kh7 27. Bxd6 Qxd6
28. Nc4 Qf6 29. Bxd5 Bc8 30. Qb8 Nxd5 31. Qxb5 Nc3 32. Qb3 Qf3 33. Re1 Ne2+ 34.
Rxe2 Qxb3 35. Re8 Qxc4 36. Rxf8 Bh3 37. Rh8+ Kg6 38. f8=N+ Kh5 39. Kh2 Qf1 40.
g4+ Kxh4 41. Ng6+ Kg5 42. f4+ Kxg6 0-1

[Event "IV Festival A"]
[Site "Cesenatico ITA"]
[Date "1999.08.??"]
[Round "6"]
[White "Reichenbacher, Gerhard"]
[Black "Albert, Marion"]
[Result "1/2-1/2"]
[WhiteElo "2057"]
[BlackElo "2103"]
[PlyCount "109"]
[EventDate "1999.08.30"]

1. e4 Nf6 2. e5 Nd5 3. d4 d6 4. Nf3 g6 5. Be2 Bg7 6. O-O O-O 7. c4 Nb6 8. Bf4
Nc6 9. Bg3 Bg4 10. Nbd2 dxe5 11. d5 e4 12. Ng5 Bxe2 13. Qxe2 Nd4 14. Qxe4 Nd7
15. Nb3 Nxb3 16. axb3 Bxb2 17. Qh4 h6 18. Rad1 Bf6 19. Bf4 Nc5 20. Rfe1 Qd7 21.
h3 Qf5 22. Qg3 Rfe8 23. b4 e5 24. dxe6 Nxe6 25. Nxe6 Rxe6 26. Bxc7 Rae8 27.
Rxe6 Rxe6 28. Bd8 Be5 29. Qg5 Qc2 30. Qc1 Qe4 31. Bg5 Bc7 32. Be3 a6 33. Rd4
Qe5 34. g3 Qf5 35. Kg2 Rf6 36. Qd1 Re6 37. Bf4 Bxf4 38. Rxf4 Qe5 39. Qd7 Re7
40. Qd8+ Kg7 41. Qd4 Qxd4 42. Rxd4 Kf6 43. Kf3 Ke6 44. Kf4 f6 45. h4 b6 46. Rd5
Rc7 47. Rd4 a5 48. bxa5 bxa5 49. Ke4 Rc5 50. Kd3 g5 51. hxg5 fxg5 52. f4 gxf4
53. Rxf4 Rg5 54. Re4+ Kd6 55. Re3 1/2-1/2

[Event "IV Festival A"]
[Site "Cesenatico ITA"]
[Date "1999.08.??"]
[Round "6"]
[White "Rossi, Giampiero"]
[Black "Maio, Matteo"]
[Result "1/2-1/2"]
[WhiteElo "2020"]
[BlackElo "2137"]
[PlyCount "107"]
[EventDate "1999.08.30"]

1. d4 Nf6 2. c4 c5 3. dxc5 Qa5+ 4. Nc3 Qxc5 5. e4 d6 6. Be3 Qa5 7. f3 Nc6 8.
Qd2 g6 9. Nge2 Bg7 10. Nd4 O-O 11. Be2 Be6 12. Rc1 a6 13. O-O Qh5 14. g4 Qh3
15. Nxc6 bxc6 16. Rf2 h6 17. Bf4 Nd7 18. Bg3 Ne5 19. Bf1 Nxf3+ 20. Rxf3 Qxg4
21. Rf4 Qg5 22. Rf2 Qc5 23. Kg2 Bd7 24. Re2 Bg4 25. Ree1 Bf6 26. Nd1 Rab8 27.
b3 Qh5 28. Nf2 Bg5 29. Bf4 Bf3+ 30. Kg1 Bh4 31. Rc3 g5 32. Bg3 Kh8 33. Rxf3
Qxf3 34. Bxh4 gxh4 35. Qxh6+ Kg8 36. Qg5+ Kh7 37. Ng4 f6 38. Qh6+ Kg8 39. Qg6+
Kh8 40. Qh5+ Kg7 41. Re3 Qf4 42. Qxh4 Rh8 43. Qg3 Qxg3+ 44. Rxg3 Kf7 45. Ne3 e6
46. Bg2 c5 47. Ng4 Rbg8 48. h3 f5 49. exf5 exf5 50. Bd5+ Kf8 51. Bxg8 Rxg8 52.
Re3 Kg7 53. Kf2 fxg4 54. hxg4 1/2-1/2

[Event "IV Festival A"]
[Site "Cesenatico ITA"]
[Date "1999.08.??"]
[Round "6"]
[White "Zucconi, Leandro"]
[Black "Cadelli, Luciano"]
[Result "1-0"]
[WhiteElo "2180"]
[BlackElo "2116"]
[PlyCount "77"]
[EventDate "1999.08.30"]

1. e4 e5 2. Nf3 Nc6 3. Bc4 Be7 4. Nc3 Nf6 5. d4 exd4 6. Nxd4 d6 7. O-O O-O 8.
h3 Nxd4 9. Qxd4 c6 10. a4 Qb6 11. Qxb6 axb6 12. Be3 Bd8 13. f3 Be6 14. Be2 Bc7
15. Bf4 Bb8 16. Rad1 d5 17. Bxb8 Rfxb8 18. exd5 Bxd5 19. Rd4 Be6 20. Rfd1 Kf8
21. Kf2 Ke7 22. Rb4 Nd7 23. Rbd4 Ra5 24. Bc4 Nf6 25. Re1 Rd8 26. Rxd8 Kxd8 27.
Bxe6 fxe6 28. Rxe6 Kd7 29. Re1 Rc5 30. Re2 Rc4 31. g4 g5 32. Ke3 Rf4 33. h4 h6
34. hxg5 hxg5 35. Rd2+ Ke7 36. Rd4 Rxd4 37. Kxd4 Ke6 38. Ne4 Nh7 39. b4 1-0

[Event "IV Festival A"]
[Site "Cesenatico ITA"]
[Date "1999.08.??"]
[Round "7"]
[White "Albert, Marion"]
[Black "Perich, Stefano"]
[Result "1/2-1/2"]
[WhiteElo "2103"]
[BlackElo "2059"]
[PlyCount "71"]
[EventDate "1999.08.30"]

1. e4 g6 2. d4 Bg7 3. Nc3 c6 4. Bc4 d5 5. exd5 b5 6. Bb3 b4 7. Ne4 cxd5 8. Qf3
e6 9. Ba4+ Kf8 10. Ng5 Qe7 11. Ne2 h6 12. Nh3 Nf6 13. O-O a5 14. c4 Bb7 15. c5
Kg8 16. Bf4 Ne4 17. Bc2 f5 18. Bxe4 fxe4 19. Qg4 Kh7 20. Bd6 Qf6 21. f3 Qf5 22.
Qh4 Bf6 23. Qf2 e3 24. Qxe3 Re8 25. Ng3 Qc2 26. Rf2 Qc4 27. Rd2 Nc6 28. Ne2 e5
29. b3 Qb5 30. Rad1 exd4 31. Qf4 Bg7 32. Ng3 Re6 33. Qg4 Bc8 34. Qf4 Bd7 35.
Nf2 Rae8 36. Nd3 1/2-1/2

[Event "IV Festival A"]
[Site "Cesenatico ITA"]
[Date "1999.08.??"]
[Round "7"]
[White "Cacco, Christian"]
[Black "Braun, Christian"]
[Result "1/2-1/2"]
[WhiteElo "2292"]
[BlackElo "2167"]
[PlyCount "48"]
[EventDate "1999.08.30"]

1. d4 d5 2. Nf3 c6 3. Bf4 Bf5 4. e3 Nd7 5. c4 e6 6. Nc3 Ngf6 7. h3 h6 8. Be2
Be7 9. O-O O-O 10. a3 Ne4 11. Nxe4 Bxe4 12. Nd2 Bh7 13. Bg3 Nf6 14. b4 Ne4 15.
Nxe4 Bxe4 16. f3 Bg6 17. c5 Re8 18. b5 Bf6 19. bxc6 bxc6 20. Qa4 Qd7 21. Ra2 e5
22. Rb2 exd4 23. exd4 Rxe2 24. Rxe2 Bd3 1/2-1/2

[Event "IV Festival A"]
[Site "Cesenatico ITA"]
[Date "1999.08.??"]
[Round "7"]
[White "Cadelli, Luciano"]
[Black "Costantini, Roberto"]
[Result "1/2-1/2"]
[WhiteElo "2116"]
[BlackElo "2196"]
[PlyCount "79"]
[EventDate "1999.08.30"]

1. d4 Nf6 2. c4 c5 3. e3 e6 4. Nc3 cxd4 5. exd4 d5 6. Nf3 Be7 7. Bd3 O-O 8. O-O
Nc6 9. a3 b6 10. cxd5 Nxd5 11. Qc2 Nf6 12. Rd1 Bb7 13. Bg5 g6 14. Bh6 Re8 15.
Be3 Rc8 16. Rac1 Nd5 17. Nxd5 exd5 18. Qe2 Bf6 19. Qd2 Qd7 20. h3 Na5 21. Rxc8
Rxc8 22. Nh2 h5 23. Rc1 Nc4 24. Qe2 b5 25. Rc2 a6 26. Qf3 Bg7 27. g4 hxg4 28.
Nxg4 Re8 29. Bh6 Qd6 30. Bxg7 Kxg7 31. Bxc4 bxc4 32. Ne5 Re7 33. Qg3 Bc8 34.
Rc3 Qb6 35. Qh4 Re8 36. Rf3 Bf5 37. Rxf5 gxf5 38. Qg5+ Kh8 39. Qh5+ Kg8 40.
Qg5+ 1/2-1/2

[Event "IV Festival A"]
[Site "Cesenatico ITA"]
[Date "1999.08.??"]
[Round "7"]
[White "Danielsen, Heini"]
[Black "Rossi, Giampiero"]
[Result "1-0"]
[WhiteElo "2135"]
[BlackElo "2020"]
[PlyCount "67"]
[EventDate "1999.08.30"]

1. e4 c5 2. Nf3 e6 3. d4 cxd4 4. Nxd4 a6 5. Bd3 Nc6 6. Ne2 Nf6 7. O-O b5 8. Be3
Bb7 9. Nbc3 Be7 10. f3 O-O 11. Qe1 Rc8 12. Qf2 Ne5 13. Rac1 Qc7 14. Kh1 Ng6 15.
Rfd1 Bc5 16. Bxc5 Qxc5 17. Qxc5 Rxc5 18. b4 Rc7 19. a4 bxa4 20. Nxa4 d5 21. Nc5
dxe4 22. fxe4 Ne5 23. Ng3 Nxd3 24. Rxd3 Rfc8 25. Rd6 h6 26. Rb6 Rxc5 27. bxc5
Bxe4 28. Nxe4 Nxe4 29. c6 Nc3 30. Rxa6 Nd5 31. Rca1 Kh7 32. R1a4 Rc7 33. c4 Nf6
34. Rb4 1-0

[Event "IV Festival A"]
[Site "Cesenatico ITA"]
[Date "1999.08.??"]
[Round "7"]
[White "Fuellgrabe, Thomas"]
[Black "Iotti, Pierluigi"]
[Result "1-0"]
[WhiteElo "2197"]
[BlackElo "2326"]
[PlyCount "61"]
[EventDate "1999.08.30"]

1. e4 e6 2. d4 d5 3. Nc3 Bb4 4. e5 c5 5. Bd2 Bxc3 6. Bxc3 cxd4 7. Qxd4 Ne7 8.
Nf3 b6 9. Bd3 h6 10. O-O-O Qd7 11. Qg4 Kf8 12. Nd4 Ba6 13. f4 Bxd3 14. Rxd3 Na6
15. Rf1 Nc5 16. Rdf3 g6 17. Qh4 Ne4 18. g4 Rh7 19. Bb4 a5 20. Ba3 Nc5 21. f5
gxf5 22. gxf5 Nxf5 23. Nxf5 exf5 24. Rxf5 Re8 25. Rf6 Qb5 26. Qf4 Re7 27. e6
Qe8 28. Rxf7+ Rexf7 29. exf7 Qd8 30. Re1 Qg5 31. Re8+ 1-0

[Event "IV Festival A"]
[Site "Cesenatico ITA"]
[Date "1999.08.??"]
[Round "7"]
[White "Gaido, Paolo"]
[Black "Bellincampi, Stefano"]
[Result "1-0"]
[WhiteElo "2154"]
[BlackElo "2043"]
[PlyCount "65"]
[EventDate "1999.08.30"]

1. Nf3 Nf6 2. c4 e6 3. d4 d5 4. Bg5 Nbd7 5. e3 Bb4+ 6. Nc3 c5 7. cxd5 exd5 8.
Bxf6 Nxf6 9. Bb5+ Bd7 10. Qa4 O-O 11. Bxd7 Qxd7 12. Qxd7 Nxd7 13. O-O Nf6 14.
Rac1 Rac8 15. dxc5 Rxc5 16. Ne2 Rfc8 17. Rxc5 Rxc5 18. a3 Rc2 19. Ned4 Rxb2 20.
axb4 Rxb4 21. Rc1 g6 22. g3 a5 23. Ne5 Ne4 24. Nd3 Rb6 25. Rc8+ Kg7 26. Nc5 Nf6
27. Rc7 Rb1+ 28. Kg2 b5 29. Nce6+ Kh6 30. Rxf7 a4 31. Rxf6 a3 32. g4 a2 33.
Nf5# 1-0

[Event "IV Festival A"]
[Site "Cesenatico ITA"]
[Date "1999.08.??"]
[Round "7"]
[White "Gori, Andrea"]
[Black "Gaiba, Paolo"]
[Result "1-0"]
[WhiteElo "2186"]
[BlackElo "2149"]
[PlyCount "89"]
[EventDate "1999.08.30"]

1. e4 e5 2. Nf3 Nc6 3. Bb5 Bc5 4. Bxc6 dxc6 5. d3 Bg4 6. h3 Bh5 7. Qe2 Qd6 8.
Nbd2 f6 9. Nc4 Qd7 10. Nfxe5 Bxe2 11. Nxd7 Bb4+ 12. Kxe2 Kxd7 13. Bd2 Bc5 14.
Be3 Bb4 15. a3 Bd6 16. b4 Ne7 17. f4 Ng6 18. g3 Rhe8 19. Kf3 Re7 20. Rag1 b6
21. h4 h6 22. g4 Rf7 23. Rg2 Re8 24. Kg3 Kc8 25. h5 Nf8 26. Rf2 Nd7 27. Rhf1
Kb7 28. Bd4 c5 29. Bc3 b5 30. Nxd6+ cxd6 31. bxc5 dxc5 32. e5 Kb6 33. exf6 Nxf6
34. Re1 Rxe1 35. Bxe1 Nd5 36. Bd2 b4 37. Bc1 Re7 38. axb4 cxb4 39. g5 Re1 40.
Bb2 hxg5 41. fxg5 Rg1+ 42. Rg2 Rxg2+ 43. Kxg2 Nf4+ 44. Kf3 Nxh5 45. g6 1-0

[Event "IV Festival A"]
[Site "Cesenatico ITA"]
[Date "1999.08.??"]
[Round "7"]
[White "Grigore, George-Gabriel"]
[Black "Drazic, Sinisa"]
[Result "1/2-1/2"]
[WhiteElo "2526"]
[BlackElo "2493"]
[PlyCount "88"]
[EventDate "1999.08.30"]

1. d4 d5 2. c4 c6 3. Nc3 Nf6 4. cxd5 cxd5 5. Bf4 Nc6 6. e3 a6 7. Bd3 Bg4 8. f3
Bh5 9. Rc1 e6 10. a3 Bd6 11. Nge2 Bg6 12. b4 Rc8 13. O-O O-O 14. Na4 Bxd3 15.
Qxd3 Bxf4 16. Nxf4 e5 17. dxe5 Nxe5 18. Qb3 Rxc1 19. Rxc1 Ng6 20. Nxg6 hxg6 21.
Qd3 Qe7 22. Qd4 Re8 23. Rc3 g5 24. h3 Qd6 25. Nc5 Qg3 26. Rc1 Rc8 27. Qd2 Rc7
28. a4 Kh8 29. a5 Kg8 30. Nd3 Qd6 31. Rxc7 Qxc7 32. Nc5 b6 33. axb6 Qxb6 34.
Qc3 Qb5 35. Kf2 Nd7 36. Qa3 Nxc5 37. bxc5 Qc4 38. Qa5 Kh7 39. Qc7 f5 40. c6 f4
41. exf4 gxf4 42. Qd7 Qd4+ 43. Kf1 Qd1+ 44. Kf2 Qd4+ 1/2-1/2

[Event "IV Festival A"]
[Site "Cesenatico ITA"]
[Date "1999.08.??"]
[Round "7"]
[White "Kamp, Christoph"]
[Black "Bonacci, Mauro"]
[Result "1-0"]
[WhiteElo "2333"]
[BlackElo "2178"]
[PlyCount "124"]
[EventDate "1999.08.30"]

1. c4 Nf6 2. Nc3 g6 3. e4 d6 4. d4 Bg7 5. Be2 O-O 6. Nf3 c6 7. O-O Bg4 8. Be3
Nbd7 9. b4 Qc7 10. Nd2 Bxe2 11. Qxe2 e5 12. d5 Rfc8 13. Rfc1 Bf8 14. Nb3 c5 15.
bxc5 dxc5 16. g3 a6 17. a4 Bd6 18. Rf1 Nh5 19. Nc1 Ndf6 20. Nd3 Qe7 21. Bg5 Qf8
22. f4 Nd7 23. f5 Qg7 24. Rab1 Rab8 25. Rb3 h6 26. Bd2 Ndf6 27. Kg2 Kh7 28. Qf3
g5 29. Rfb1 Rc7 30. R1b2 Qg8 31. Qd1 Qc8 32. Qb1 Kg7 33. Nf2 Nd7 34. Ncd1 Ndf6
35. Rb6 Rd7 36. Bc3 Qc7 37. Ne3 Ne8 38. f6+ Nhxf6 39. Nf5+ Kg8 40. Nxh6+ Kh7
41. Nf5 Qc8 42. Kf3 Bc7 43. Rxb7 Rxb7 44. Rxb7 Nd6 45. Nxd6 Bxd6 46. Rb6 Ne8
47. Ng4 f6 48. Ne3 Bf8 49. Nf5 Ra7 50. Ba5 Qd7 51. Qc2 Kg8 52. Rc6 Qh7 53. Kg2
g4 54. Bd2 Kh8 55. d6 Kg8 56. Be3 Rb7 57. a5 Rb4 58. Bd2 Rb7 59. Rxa6 Nc7 60.
Ne7+ Bxe7 61. Rb6 Ra7 62. a6 Bf8 1-0

[Event "IV Festival A"]
[Site "Cesenatico ITA"]
[Date "1999.08.??"]
[Round "7"]
[White "Lagrotteria, Salvatore"]
[Black "Marzano, Carlo"]
[Result "1/2-1/2"]
[WhiteElo "2204"]
[BlackElo "2233"]
[PlyCount "27"]
[EventDate "1999.08.30"]

1. d4 d6 2. Nf3 g6 3. c4 Bg7 4. Nc3 Nd7 5. h3 e5 6. Bg5 f6 7. Bd2 Ne7 8. e3 O-O
9. Qb3 Kh8 10. Bd3 f5 11. Ng5 Nf6 12. h4 h6 13. Nh3 Nc6 14. d5 1/2-1/2

[Event "IV Festival A"]
[Site "Cesenatico ITA"]
[Date "1999.08.??"]
[Round "7"]
[White "Lazzarato, Alberto"]
[Black "Reichenbacher, Gerhard"]
[Result "0-1"]
[WhiteElo "2177"]
[BlackElo "2057"]
[PlyCount "84"]
[EventDate "1999.08.30"]

1. e4 c5 2. Nf3 Nc6 3. d4 cxd4 4. Nxd4 Nf6 5. Nc3 d6 6. Bc4 e6 7. Be3 a6 8. Qe2
Qc7 9. O-O-O Be7 10. Bb3 Na5 11. g4 Nxb3+ 12. cxb3 b5 13. Kb1 b4 14. g5 bxc3
15. gxf6 Bxf6 16. Rc1 Bb7 17. f3 O-O 18. Rhg1 Rfc8 19. bxc3 Qa5 20. Qb2 d5 21.
exd5 Bxd5 22. Rg3 Be7 23. c4 Ba3 24. Qc3 Qxc3 25. Rxc3 Kh8 26. Rd3 Bb7 27. Nc2
Bf8 28. Rd7 Bc6 29. Rxf7 Kg8 30. Ra7 Rxa7 31. Bxa7 Bd6 32. Rh3 Rf8 33. c5 Be5
34. Ne1 Bc3 35. Nd3 Bxf3 36. Kc2 Bd4 37. b4 e5 38. a4 Bc6 39. Kb3 Bd5+ 40. Kc2
e4 41. Rh5 exd3+ 42. Kxd3 Bf7 0-1

[Event "IV Festival A"]
[Site "Cesenatico ITA"]
[Date "1999.08.??"]
[Round "7"]
[White "Maio, Matteo"]
[Black "Tommasini, Enzo"]
[Result "0-1"]
[WhiteElo "2137"]
[BlackElo "2095"]
[PlyCount "38"]
[EventDate "1999.08.30"]

1. d4 e6 2. Nf3 d5 3. e3 Nf6 4. Bd3 c5 5. c3 Nc6 6. Nbd2 Bd6 7. O-O O-O 8. dxc5
Bxc5 9. e4 Qc7 10. exd5 exd5 11. h3 Bxh3 12. gxh3 Qg3+ 13. Kh1 Qxh3+ 14. Kg1
Ng4 15. Bf5 Nce5 16. Qa4 Qg3+ 17. Kh1 Qh3+ 18. Kg1 Nxf3+ 19. Nxf3 Qg3+ 0-1

[Event "IV Festival A"]
[Site "Cesenatico ITA"]
[Date "1999.08.??"]
[Round "7"]
[White "Rotstein, Arkadij"]
[Black "Nijboer, Friso"]
[Result "1/2-1/2"]
[WhiteElo "2460"]
[BlackElo "2559"]
[PlyCount "76"]
[EventDate "1999.08.30"]

1. c4 Nf6 2. Nc3 g6 3. e4 d6 4. d4 Bg7 5. f3 O-O 6. Bg5 a6 7. Qd2 Nbd7 8. Nh3
c5 9. d5 b5 10. cxb5 Qa5 11. Nf2 Nb6 12. a4 axb5 13. Bxb5 Ba6 14. Bxa6 Qxa6 15.
Qe2 Rfb8 16. Ra2 h6 17. Qxa6 Rxa6 18. Bd2 Nc4 19. Nd3 Nd7 20. Ke2 Nxd2 21. Kxd2
c4 22. Nc1 Nc5 23. N1e2 h5 24. Rha1 Kf8 25. Ra3 Ke8 26. Kc2 h4 27. Rd1 Kd7 28.
Nd4 h3 29. Nc6 Rb3 30. a5 hxg2 31. Rg1 Rb7 32. Rxg2 Nd3 33. Kb1 e6 34. Na4 exd5
35. exd5 f5 36. Nb6+ Kc7 37. Nxc4 Nc5 38. N6e5 dxe5 1/2-1/2